000 01034nac a22004090a 4500
001 PT54350
003 AR-LpoUNG
005 20210201005529.0
008 201001s1995||||sp |||||||||||||||||spa d
020 _a8441301204
_c$28
040 _aAR-LpoUNG
_bspa
_eaacr
041 _aspa
044 _asp
082 0 _aR909 794ori-v1
100 1 _aSimons, Gerald
245 1 0 _aOrígenes de Europa :
_blos comienzos de la Edad Media
260 _aBarcelona :
_bFolio,
_c1995.
300 _a92 p. :
_bil., mapas, gráfs., fot.
_3Impreso
490 0 _aAtlas culturales del mundo
650 4 _aANALISIS HISTORICO
650 4 _aARTE
650 4 _aATLAS
650 4 _aCIVILIZACION
650 4 _aCULTURA
650 4 _aEDAD MEDIA
650 4 _aEUROPA
650 4 _aFACTORES CULTURALES
650 4 _aHISTORIA
650 4 _aHISTORIA POLITICA
650 4 _aMATERIAL DE REFERENCIA
650 4 _aRELIGION
650 4 _aSOCIEDAD
651 4 _aMundial
700 1 _aKrieger, Leonard
905 _a54350
942 _cLSALA
999 _c50086
_d50086